000 00754nam a2200253 i 4500
001 C2-0306816
003 PPAK
005 20180728093313.0
008 101216s1994 my a|||| ||||| | may d
020 _a9839785001
040 _aPPAK
_beng
_cPPAK
_erda
082 0 4 _a355.033049742
_223
090 0 0 _a355.033049742
_bBOS
_dG
245 0 0 _aBosnia
_bSuara Keprihatinan Malaysia
250 _aCetakan Pertama
264 1 _aKuala Lumpur :
_bTitian Klasik Sdn. Bhd. ,
_c1994
300 _a160 pages :
_bcolour illustrations ;
_c22 cm
336 _2rdacontent
_atext
337 _2rdamedia
_aunmediated
338 _2rdacarrier
_avolume
650 1 0 _aAtrocities - Bosnia and Herzegovina.
700 0 _aRuhanie Haji Ahmad.,
_ecompile
942 _ddc
_cB
999 _c109644
_d109644